000 00824na a2200277 4500
001 17340
003 MIRAKIL
005 20181213155033.0
008 161108b tu 000 0
020 _a9789759850326
035 _a17340
040 _aMilas
_btur
_cTR-AnCHP
041 _atur
082 _a338.95667
_bB74 2010
090 _a338.95667 B74 2010
245 _aBölgesel kalkınmanın can suyu: Gap
_bkarşılaştırmalı sosyal ve ekonomik yapı araştırması
_cBirsen Gökçe ...[ve öte.]
246 _aGAP
260 _aAnkara
_bSosyoloji Derneği
_c2010
300 _axlii, 419 s.
_btbl.
_c24 sm
440 _aSosyoloji Derneği Yayın No
_v21
504 _aDizin var.
650 _aGAP
_xToplumsal kalkınma
650 _aGAP bölgesi
_xDemografi
700 _aGökçe, Birsen
942 _2ddc
_cBKS
999 _c5326
_d5326